[Event "Hessen-ch U14"]
[Site "Bad Homburg"]
[Date "2013.??.??"]
[Round "2"]
[White "Maar, Samuel"]
[Black "Bialas, Adrian"]
[Result "0-1"]
[WhiteElo "1221"]
[BlackElo "1209"]
[PlyCount "102"]
[EventDate "2013.03.??"]
[EventType "swiss"]
[EventRounds "7"]
[EventCountry "GER"]
[SourceTitle "EXT 2014"]
[Source "ChessBase"]
[SourceDate "2013.11.20"]
[SourceVersion "1"]
[SourceVersionDate "2013.11.20"]
[SourceQuality "1"]

1. c4 e5 2. g3 Bc5 3. Bg2 Nf6 4. Nc3 0-0 5. e3 c6 6. a3 a5 7. Nge2 Re8 8. 0-0 d5 9. d4 exd4 10. exd4 Bb6 11. c5 Bc7 12. Be3 Bg4 13. b4 b5 14. cxb6 Bxb6 15. Qd2 h6 16. f3 Bd7 17. Na4 Bc7 18. Nc5 Na6 19. Nb7 Qe7 20. Kf2 axb4 21. axb4 Qxb4 22. Qxb4 Nxb4 23. Nc5 Rxa1 24. Rxa1 Nc2 25. Ra7 Bb6 26. Ra2 Nxe3 27. Nxd7 Nxd7 28. Bh3 Nf6 29. Ra6 Nc4 30. Kf1 c5 31. dxc5 Bxc5 32. f4 Ne3+ 33. Kf2 Neg4+ 34. Ke1 Nxh2 35. Kd1 Nhg4 36. Kd2 Bb4+ 37. Kc2 Rxe2+ 38. Kb3 Bf8 39. Bf1 Re3+ 40. Kc2 Rxg3 41. Kd2 Ne4+ 42. Kc2 Ne3+ 43. Kb3 Nxf1+ 44. Kc2 h5 45. f5 h4 46. Kd1 h3 47. f6 g6 48. Ra2 Rg2 49. Ke1 Rxa2 50. Kxf1 h2 51. Ke1 h1Q# 0-1

[Event "Hessen-ch U14"]
[Site "Bad Homburg"]
[Date "2012.??.??"]
[Round "4"]
[White "Bialas, Adrian"]
[Black "Hafensteiner, Tim"]
[Result "1-0"]
[WhiteElo "1048"]
[BlackElo "962"]
[PlyCount "57"]
[EventDate "2012.04.??"]
[EventType "swiss"]
[EventRounds "9"]
[EventCountry "GER"]
[SourceTitle "EXT 2015"]
[Source "ChessBase"]
[SourceDate "2014.11.20"]
[SourceVersion "1"]
[SourceVersionDate "2014.11.20"]
[SourceQuality "1"]

1. e4 e6 2. d4 d5 3. exd5 exd5 4. Nf3 Nc6 5. Bb5 Nf6 6. 0-0 Bd6 7. h3 0-0 8. Bg5 Bf5 9. Nc3 Qc8 10. Bxf6 gxf6 11. Nxd5 Bxh3 12. c4 Be7 13. Bxc6 Bd8 14. Nf4 Kh8 15. Nh2 Rg8 16. Nxh3 bxc6 17. Qf3 Rb8 18. b4 f5 19. Qxc6 Rb6 20. Qf3 Rbg6 21. Nf4 R6g7 22. Qh3 c6 23. Qe3 Bg5 24. g3 Bxf4 25. Qxf4 Qe6 26. Rfe1 Qg6 27. Re5 Qh5 28. Qxf5 Rg5 29. Qf6+ 1-0

[Event "Hessen-ch U14"]
[Site "Bad Homburg"]
[Date "2012.??.??"]
[Round "2"]
[White "Bialas, Adrian"]
[Black "Reidl, Jorit"]
[Result "1-0"]
[WhiteElo "1048"]
[BlackElo "859"]
[PlyCount "117"]
[EventDate "2012.04.??"]
[EventType "swiss"]
[EventRounds "9"]
[EventCountry "GER"]
[SourceTitle "EXT 2015"]
[Source "ChessBase"]
[SourceDate "2014.11.20"]
[SourceVersion "1"]
[SourceVersionDate "2014.11.20"]
[SourceQuality "1"]

1. e4 e5 2. Nf3 Nc6 3. Bb5 a6 4. Ba4 Nf6 5. Nc3 Bc5 6. 0-0 0-0 7. d3 h6 8. h3 b5 9. Bb3 d6 10. Be3 Bxe3 11. fxe3 Ne7 12. Rf2 c6 13. d4 exd4 14. exd4 b4 15. e5 Nfd5 16. Ne2 Be6 17. Qd2 Ng6 18. Re1 dxe5 19. dxe5 Qe7 20. Ned4 Rac8 21. Bc4 a5 22. Bb3 Rfd8 23. Ba4 c5 24. Nc6 Nb6 25. Nxe7+ Nxe7 26. Qc1 Nxa4 27. Ref1 Rf8 28. c3 Nc6 29. a3 Nb6 30. Qe3 Ne7 31. cxb4 axb4 32. axb4 Nbd5 33. Qd2 cxb4 34. Nd4 Ng6 35. Nxe6 fxe6 36. Rxf8+ Rxf8 37. Rxf8+ Nxf8 38. Kf2 Ng6 39. Kg3 Nxe5 40. Qe2 Nf7 41. Qxe6 Nf6 42. Qc4 g6 43. Qxb4 Kg7 44. Qd4 h5 45. b4 g5 46. b5 Nh6 47. Kf2 Nf5 48. Qd3 Ne7 49. Kg1 Nc8 50. Qd8 Na7 51. b6 Nc6 52. Qc7+ Kg6 53. Qxc6 h4 54. b7 g4 55. b8Q gxh3 56. gxh3 Kg5 57. Qe5+ Kh6 58. Qcxf6+ Kh7 59. Qg7# 1-0

[Event "Hessen-ch U14"]
[Site "Bad Homburg"]
[Date "2012.??.??"]
[Round "9"]
[White "Fehling, Janek"]
[Black "Bialas, Adrian"]
[Result "0-1"]
[WhiteElo "951"]
[BlackElo "1048"]
[PlyCount "88"]
[EventDate "2012.04.??"]
[EventType "swiss"]
[EventRounds "9"]
[EventCountry "GER"]
[SourceTitle "EXT 2015"]
[Source "ChessBase"]
[SourceDate "2014.11.20"]
[SourceVersion "1"]
[SourceVersionDate "2014.11.20"]
[SourceQuality "1"]

1. e4 e5 2. Nf3 Nc6 3. Nc3 Nf6 4. d4 exd4 5. Nxd4 Be7 6. Bc4 0-0 7. 0-0 h6 8. Re1 Bc5 9. Nxc6 dxc6 10. Bf4 Ng4 11. Be3 Bxe3 12. fxe3 Qxd1 13. Raxd1 Ne5 14. Bd3 Re8 15. Rf1 Ng4 16. Rde1 Nf6 17. h3 Bd7 18. a3 c5 19. Nd5 Nxd5 20. exd5 Re5 21. e4 Rae8 22. Rf2 Rxd5 23. Bc4 Rf5 24. Rd2 Bc6 25. Rde2 Rfe5 26. Bd3 b5 27. c4 bxc4 28. Bxc4 Rxe4 29. Rxe4 Rxe4 30. Rxe4 Bxe4 31. Kf2 Kf8 32. g3 f6 33. h4 Ke7 34. Ke3 Bc6 35. Kf4 Bd7 36. h5 Be6 37. Bd3 Bf7 38. Bg6 Bxg6 39. hxg6 Ke6 40. g4 f5 41. gxf5+ Kf6 42. Kg4 c4 43. a4 a5 44. b4 cxb3 0-1

[Event "Hessen-ch U14"]
[Site "Bad Homburg"]
[Date "2012.??.??"]
[Round "7"]
[White "Hennemann, Florian"]
[Black "Bialas, Adrian"]
[Result "0-1"]
[WhiteElo "929"]
[BlackElo "1048"]
[PlyCount "80"]
[EventDate "2012.04.??"]
[EventType "swiss"]
[EventRounds "9"]
[EventCountry "GER"]
[SourceTitle "EXT 2015"]
[Source "ChessBase"]
[SourceDate "2014.11.20"]
[SourceVersion "1"]
[SourceVersionDate "2014.11.20"]
[SourceQuality "1"]

1. e4 e5 2. Nf3 Nc6 3. Bc4 Nf6 4. Ng5 d5 5. exd5 Nxd5 6. Nxf7 Kxf7 7. Qf3+ Ke6 8. Nc3 Nce7 9. d4 c6 10. 0-0 b5 11. Bb3 a5 12. a3 Kd7 13. Nxd5 cxd5 14. Bxd5 Rb8 15. dxe5 Nxd5 16. Qxd5+ Ke8 17. Qc6+ Qd7 18. Qxd7+ Bxd7 19. Bf4 Rc8 20. c3 Be6 21. Rad1 Bb3 22. Rd2 Rd8 23. Rd4 Rxd4 24. cxd4 Be7 25. Re1 Rf8 26. Bd2 Bd8 27. f4 Bb6 28. Be3 Kf7 29. f5 Rd8 30. Rc1 Bc4 31. Rd1 h6 32. g4 a4 33. Kg2 Ba5 34. Rc1 Bb3 35. Rc5 Bc4 36. e6+ Kf6 37. h4 Bb6 38. g5+ Ke7 39. Rc6 Bd5+ 40. Kg3 Bxc6 0-1